000 00569nam a2200193 a 4500
001 0268
005 20140414131908.0
008 040902s19uu xx 00 eng d
020 _a0-330-40043-6
050 _aER
_bB64 2001
100 _aCornwell, Allan
245 _aBonehead: the new kid on the block /
_cwritten by Allan Cornwell ; illustrated by JM Artworks.
260 _aAustralia :
_bPancake Press,
_c2001.
300 _a1 v. (unp.) : ill. ; cm.
440 _aBonehead
650 _aSchools--Fiction.
650 _aAdventures--Fiction.
999 _c111044
_d111044